[Event "OP-2021-0-05185"]
[Site "LSS email"]
[Date "2021.09.11"]
[Round "?"]
[White "Kolanek, Sylwia"]
[Black "De Paz Gonzalez, Yasset"]
[Result "1/2-1/2"]
[WhiteElo "2103"]
[BlackElo "1632"]
[PlyCount "42"]
[EventDate "2021.09.08"]
[EventType "tourn (corr)"]
[EventRounds "4"]
[EventCountry "GER"]
[SourceTitle "Corr 2024"]
[Source "ChessBase"]
[SourceDate "2023.10.19"]
[SourceVersion "1"]
[SourceVersionDate "2023.10.19"]
[SourceQuality "1"]

1. d4 Nf6 2. c4 e6 3. Nf3 d5 4. Nc3 c6 5. Bg5 h6 6. Bxf6 Qxf6 7. e3 Nd7 8. Be2 Be7 9. 0-0 0-0 10. Rc1 g6 11. Qc2 Qg7 12. g3 Re8 13. Rfd1 Bf8 14. a3 a6 15. Bf1 Rb8 16. b4 b6 17. Rb1 b5 18. cxb5 axb5 19. e4 Ra8 20. Re1 dxe4 21. Nxe4 Rxa3 1/2-1/2

[Event "LSS No Engine Cup 203 Preliminary 0"]
[Site "LSS email"]
[Date "2020.04.27"]
[Round "?"]
[White "Berk, Julian"]
[Black "De Paz Gonzalez, Yasset"]
[Result "1-0"]
[WhiteElo "1623"]
[BlackElo "1600"]
[PlyCount "59"]
[EventDate "2020.04.27"]
[EventType "tourn (corr)"]
[EventRounds "6"]
[EventCountry "GER"]
[SourceTitle "Corr 2022"]
[Source "ChessBase"]
[SourceDate "2021.10.24"]
[SourceVersion "1"]
[SourceVersionDate "2021.10.24"]
[SourceQuality "1"]

1. c4 e5 2. g3 Nf6 3. Bg2 Nc6 4. Nf3 d5 5. cxd5 Nxd5 6. 0-0 Nb6 7. b3 e4 8. Ne1 h5 9. Qc2 h4 10. Qxe4+ Be6 11. Nc3 hxg3 12. fxg3 Qg5 13. d4 Qa5 14. d5 Qxc3 15. dxe6 Bc5+ 16. e3 Ne5 17. exf7+ Kf8 18. b4 Be7 19. Rb1 Nbc4 20. Qd4 Qxd4 21. exd4 Ng4 22. Bxb7 Rd8 23. Nf3 Nce3 24. Bxe3 Nxe3 25. Rfc1 Nf5 26. Rxc7 Bd6 27. Rbc1 Bxc7 28. Rxc7 Rh6 29. d5 Rg6 30. h4 1-0

[Event "LSS No Engine Cup 203 Preliminary 0"]
[Site "LSS email"]
[Date "2020.04.27"]
[Round "?"]
[White "De Paz Gonzalez, Yasset"]
[Black "Endean, Andrew"]
[Result "1/2-1/2"]
[WhiteElo "1600"]
[BlackElo "1697"]
[PlyCount "65"]
[EventDate "2020.04.27"]
[EventType "tourn (corr)"]
[EventRounds "6"]
[EventCountry "GER"]
[SourceTitle "Corr 2022"]
[Source "ChessBase"]
[SourceDate "2021.10.24"]
[SourceVersion "1"]
[SourceVersionDate "2021.10.24"]
[SourceQuality "1"]

1. e4 d5 2. exd5 Qxd5 3. Nc3 Qa5 4. Nf3 Nf6 5. d4 c6 6. Be2 Bf5 7. Nh4 e6 8. Nxf5 Qxf5 9. 0-0 Nbd7 10. Bd3 Qa5 11. Be3 Bd6 12. Qf3 Qc7 13. h3 0-0 14. Ne4 Be7 15. Nxf6+ Nxf6 16. Rad1 b6 17. Rfe1 Rad8 18. c4 Rfe8 19. b3 c5 20. d5 exd5 21. cxd5 Rxd5 22. Bf4 Qd7 23. Bc4 Rxd1 24. Rxd1 Qc8 25. Be5 Rd8 26. Re1 h6 27. Bb2 Qd7 28. a4 Qd6 29. Be5 Qd7 30. Bc3 Qd6 31. Be5 Qd7 32. Bc3 Qd6 33. Be5 1/2-1/2

[Event "LSS No Engine Cup 203 Preliminary 0"]
[Site "LSS email"]
[Date "2020.04.27"]
[Round "?"]
[White "De Paz Gonzalez, Yasset"]
[Black "Nemchenko, Valery"]
[Result "1-0"]
[WhiteElo "1600"]
[BlackElo "1354"]
[PlyCount "81"]
[EventDate "2020.04.27"]
[EventType "tourn (corr)"]
[EventRounds "6"]
[EventCountry "GER"]
[SourceTitle "Corr 2022"]
[Source "ChessBase"]
[SourceDate "2021.10.24"]
[SourceVersion "1"]
[SourceVersionDate "2021.10.24"]
[SourceQuality "1"]

1. e4 d6 2. d4 g6 3. Nf3 Bg7 4. Bd3 Nf6 5. 0-0 0-0 6. Re1 c5 7. d5 e6 8. c4 exd5 9. cxd5 Re8 10. Bf4 Bg4 11. Nbd2 Nh5 12. Be3 Nd7 13. Qc2 a6 14. a4 Qf6 15. Rab1 Nf4 16. Bf1 g5 17. a5 Qg6 18. Qb3 Rab8 19. Nxg5 Qxg5 20. g3 Be5 21. gxf4 Bxf4 22. Bxf4 Qxf4 23. Qg3 Qxg3+ 24. hxg3 Bh5 25. f3 Ne5 26. g4 Bg6 27. Be2 f6 28. Kf2 Kg7 29. b4 Rec8 30. f4 Nd7 31. b5 h6 32. Rh1 c4 33. bxa6 bxa6 34. Bxc4 Bxe4 35. Rxb8 Nxb8 36. Nxe4 Rxc4 37. Kf3 Nd7 38. Nxd6 Rc3+ 39. Ke4 Rc5 40. Nf5+ Kg8 41. Nxh6+ 1-0

[Event "OP-2020-0-04955"]
[Site "LSS email"]
[Date "2020.04.06"]
[Round "?"]
[White "De Paz Gonzalez, Yasset"]
[Black "Dan, Peterjohn"]
[Result "1-0"]
[WhiteElo "1586"]
[BlackElo "1000"]
[PlyCount "59"]
[EventDate "2020.04.02"]
[EventType "tourn (corr)"]
[EventRounds "4"]
[EventCountry "GER"]
[SourceTitle "Corr 2022"]
[Source "ChessBase"]
[SourceDate "2021.10.24"]
[SourceVersion "1"]
[SourceVersionDate "2021.10.24"]
[SourceQuality "1"]

1. d4 d5 2. Nf3 b6 3. Bf4 Nc6 4. c4 e6 5. cxd5 exd5 6. Nc3 Bb4 7. Rc1 Nf6 8. Qa4 Bd7 9. e3 0-0 10. Bb5 a5 11. Bxc6 Bxc6 12. Qxc6 Rc8 13. 0-0 Bd6 14. Be5 Bxe5 15. dxe5 Ne4 16. Nxe4 dxe4 17. Qxe4 c5 18. Rfd1 Qe7 19. Rd6 b5 20. Qd5 Rfd8 21. Rxc5 g6 22. h3 b4 23. Qd4 Rb8 24. Rcd5 Rxd6 25. exd6 Qe6 26. d7 Rd8 27. Rd6 Qxa2 28. Qf6 Rxd7 29. Rxd7 h5 30. Rd8+ 1-0

[Event "OP-2019-0-04883"]
[Site "LSS email"]
[Date "2019.11.30"]
[Round "?"]
[White "De Paz Gonzalez, Yasset"]
[Black "Ederer, Karel"]
[Result "0-1"]
[WhiteElo "1609"]
[BlackElo "1995"]
[PlyCount "78"]
[EventDate "2019.11.25"]
[EventType "tourn (corr)"]
[EventRounds "4"]
[EventCountry "GER"]
[SourceTitle "Corr 2022"]
[Source "ChessBase"]
[SourceDate "2021.10.24"]
[SourceVersion "1"]
[SourceVersionDate "2021.10.24"]
[SourceQuality "1"]

1. d4 Nf6 2. c4 g6 3. Nf3 Bg7 4. Nc3 0-0 5. e4 d6 6. h3 e5 7. d5 Nh5 8. Be3 f5 9. Rc1 a5 10. c5 f4 11. Bd2 dxc5 12. Be2 Qe7 13. Bc4 Kh8 14. Qe2 Nf6 15. 0-0 a4 16. Qd1 Bd7 17. Re1 Ne8 18. Bb5 Bxb5 19. Nxb5 Nd6 20. Qe2 Na6 21. Nxd6 cxd6 22. a3 Nc7 23. Rcd1 Bf6 24. Nh2 Qe8 25. g3 g5 26. Ng4 Nb5 27. Nxf6 Rxf6 28. Bc3 f3 29. Qf1 Qh5 30. Kh2 Rh6 31. Re3 Rf8 32. Rdd3 Nd4 33. Bxd4 exd4 34. Re1 g4 35. h4 c4 36. Rd2 Qg5 37. Rc2 Rxh4+ 38. gxh4 Qxh4+ 39. Kg1 b5 0-1

[Event "ZI-2019-0-02622"]
[Site "LSS email"]
[Date "2019.10.25"]
[Round "?"]
[White "Vodicka, Milan"]
[Black "De Paz Gonzalez, Yasset"]
[Result "1/2-1/2"]
[WhiteElo "1908"]
[BlackElo "1584"]
[PlyCount "37"]
[EventDate "2019.09.07"]
[EventType "match (corr)"]
[EventRounds "2"]
[EventCountry "GER"]
[SourceTitle "Corr 2022"]
[Source "ChessBase"]
[SourceDate "2021.10.24"]
[SourceVersion "1"]
[SourceVersionDate "2021.10.24"]
[SourceQuality "1"]

1. e4 e5 2. Nc3 Nf6 3. Nf3 Nc6 4. Bb5 Bd6 5. 0-0 0-0 6. Bxc6 bxc6 7. h3 Re8 8. d3 Bf8 9. b3 d6 10. Re1 Rb8 11. d4 exd4 12. Qxd4 Bb7 13. Bf4 h6 14. Rad1 c5 15. Qd3 Qd7 16. Be5 Qe6 17. Bxf6 Qxf6 18. Nd5 Qd8 19. c4 1/2-1/2